000 00784nam a2200241 i 4500
001 14749
003 ES-MaACL
005 20230906150859.0
007 t|
008 990531s1966 sp ||||1| spa d
080 _a821.134.2-14"19"
100 1 _aMendizábal, Federico de.
_980208
245 1 0 _aSoledad de estrellas /
_cFederico de Mendizabal ; prólogo de Ramón Castelltort ; ofrendas poéticas por Eduardo de Fontcuberta y Jaime Uya.
260 _aMadrid :
_b[Gesta],
_c[1966]
300 _a156 p. ;
_c17 cm.
490 1 _aColección amor
700 1 _aFontcuberta, Eduardo de.
_951626
700 1 _aUya, Jaime.
_9112347
700 1 _aCastelltort, Ramón.
_936603
830 0 _aColección amor
_9179665
852 _aES-MaACL
_jL-21875
_bR.118118
999 _c14749
_d14749